000 00487nam a2200193 a 4500
001 1770813380506
003 YourLibrary
005 20260211180754.0
008 260211s2004##################000#0#eng##
020 _a9780142004678
082 0 4 _a306.7
_bSHL
100 1 _aShlain, Leonard,
_eauthor.
245 1 0 _aSex, Time, and Power :
260 _bPenguin,
_c2004.
300 _a465 pages
650 0 _aSocial Science.
942 _cENGLISH
040 _aYourLibrary
_beng
_cYourLibrary
999 _c611925
_d611925